[Event "Vaujany op-A 7th"]
[Site "Vaujany"]
[Date "2016.07.24"]
[Round "9"]
[White "Mihok, Laszlo"]
[Black "Skomorokhina, Ekaterina"]
[Result "1/2-1/2"]
[WhiteElo "2096"]
[BlackElo "1919"]
[PlyCount "108"]
[EventDate "2016.07.16"]
[EventType "swiss"]
[EventRounds "9"]
[EventCountry "FRA"]
[SourceTitle "EXT 2019"]
[Source "ChessBase"]
[SourceDate "2018.10.10"]
[SourceVersion "1"]
[SourceVersionDate "2018.10.10"]
[SourceQuality "1"]

1. d4 Nf6 2. Bg5 d5 3. e3 g6 4. Bxf6 exf6 5. g3 c6 6. Bg2 Bd6 7. Ne2 0-0 8. 0-0 f5 9. b3 Nd7 10. c4 Nf6 11. Nbc3 Bb4 12. cxd5 cxd5 13. a3 Bxc3 14. Nxc3 Ne4 15. Qd3 b6 16. Rfc1 Bb7 17. Rc2 Qd7 18. Rac1 Rfc8 19. Bf1 Kg7 20. b4 a5 21. b5 Nxc3 22. Rxc3 Rxc3 23. Rxc3 Rc8 24. a4 Kf6 25. h4 h6 26. Bg2 Ke6 27. Bh3 h5 28. Bf1 Rxc3 29. Qxc3 Qc8 30. Qxc8+ Bxc8 31. Kg2 f6 32. Be2 Kf7 33. Bf3 Be6 34. Kf1 Ke7 35. Ke2 Kd6 36. Kd3 Bf7 37. Bd1 Be6 38. f3 Bd7 39. Bc2 Be6 40. Ke2 Bf7 41. Kf2 Be8 42. Kg2 Bf7 43. Kh3 Be6 44. Kh2 Bf7 45. Bd1 Be6 46. Be2 Bd7 47. Bd3 Be8 48. g4 hxg4 49. Kg3 gxf3 50. Kxf3 Ke6 51. Kf4 Bf7 52. Bc2 Be8 53. Bd1 Bf7 54. Be2 Be8 1/2-1/2

[Event "Vaujany op-A 7th"]
[Site "Vaujany"]
[Date "2016.07.22"]
[Round "7"]
[White "Mihok, Laszlo"]
[Black "David, Bogdan Emanuel"]
[Result "1-0"]
[WhiteElo "2096"]
[BlackElo "2161"]
[PlyCount "59"]
[EventDate "2016.07.16"]
[EventType "swiss"]
[EventRounds "9"]
[EventCountry "FRA"]
[SourceTitle "EXT 2019"]
[Source "ChessBase"]
[SourceDate "2018.10.10"]
[SourceVersion "1"]
[SourceVersionDate "2018.10.10"]
[SourceQuality "1"]

1. d4 d6 2. e4 g6 3. Nc3 Bg7 4. Be3 c6 5. Qd2 b5 6. h3 Bb7 7. Be2 Nd7 8. f4 Ngf6 9. Bf3 Nb6 10. b3 Qc7 11. Nge2 0-0 12. 0-0 b4 13. Nd1 c5 14. Nf2 e5 15. fxe5 cxd4 16. Qxd4 dxe5 17. Qxb4 Nbd7 18. c4 a5 19. Qd2 a4 20. Qc2 Nc5 21. Rfd1 Nfd7 22. b4 Ne6 23. c5 Bc6 24. a3 Rfd8 25. Qc4 Nf4 26. Nc3 Bb7 27. Nb5 Qc6 28. Nd6 Ne6 29. b5 Qc7 30. c6 1-0

[Event "HUN-chT2 Erkel 1516"]
[Site "Hungary"]
[Date "2016.02.28"]
[Round "8.4"]
[White "Kozma, Gabor"]
[Black "Mihok, Laszlo"]
[Result "0-1"]
[WhiteElo "1990"]
[BlackElo "2075"]
[PlyCount "142"]
[EventDate "2015.09.13"]
[EventType "team-tourn"]
[EventRounds "11"]
[EventCountry "HUN"]
[SourceTitle "EXT 2017"]
[Source "ChessBase"]
[SourceDate "2016.10.25"]
[SourceVersion "1"]
[SourceVersionDate "2016.10.25"]
[SourceQuality "1"]
[WhiteTeam "GSBE"]
[BlackTeam "Budapest MTK II"]
[WhiteTeamCountry "HUN"]
[BlackTeamCountry "HUN"]

1. e4 e5 2. Nf3 Nc6 3. Bb5 Nge7 4. 0-0 g6 5. c3 Bg7 6. d4 exd4 7. cxd4 a6 8. Ba4 b5 9. Bb3 0-0 10. Nc3 d6 11. h3 Na5 12. Bc2 Bb7 13. Bg5 h6 14. Bf4 Kh7 15. Re1 Nc4 16. Qc1 Qd7 17. b3 Nb6 18. Qd2 f5 19. Nh4 b4 20. exf5 bxc3 21. fxg6+ Kh8 22. Qc1 Ng8 23. Bd3 Nd5 24. Bg3 Rf6 25. Re2 Raf8 26. Be4 Nge7 27. Nf3 Nxg6 28. Bxg6 Rxg6 29. Nh4 Rgf6 30. Qc2 Qf7 31. Rae1 Bc8 32. Re4 Kg8 33. Qe2 Bf5 34. Nxf5 Rxf5 35. Qxa6 Rxf2 36. Bxf2 Qxf2+ 37. Kh2 Nf4 38. Qf1 Nxh3 39. Qxf2 Nxf2 40. Re7 Bxd4 41. Rxc7 Ng4+ 42. Kg3 Bf2+ 43. Kxg4 Bxe1 44. a4 Rf7 45. Rc8+ Kg7 46. b4 Bd2 47. g3 Ra7 48. a5 c2 49. Rxc2 Bxb4 50. Kf5 Rxa5+ 51. Kf4 Kf6 52. g4 Bc5 53. Rh2 Ra4+ 54. Kf3 Ra3+ 55. Ke4 Re3+ 56. Kf4 Kg6 57. Rd2 Rb3 58. Rd1 Rb4+ 59. Kf3 Bd4 60. Rh1 Be5 61. Rc1 Rf4+ 62. Ke3 Rxg4 63. Rc8 h5 64. Kf3 Rg3+ 65. Kf2 h4 66. Rc4 Rc3 67. Rg4+ Kf5 68. Rg8 h3 69. Rf8+ Ke4 70. Kg1 h2+ 71. Kg2 Rc2+ 0-1

[Event "Budapest Art Pub op 9th"]
[Site "Budapest"]
[Date "2015.11.21"]
[Round "3"]
[White "Mako, Zoltan"]
[Black "Mihok, Laszlo"]
[Result "1-0"]
[WhiteElo "1885"]
[BlackElo "2085"]
[PlyCount "99"]
[EventDate "2015.11.20"]
[EventType "swiss"]
[EventRounds "6"]
[EventCountry "HUN"]
[SourceTitle "CBM 169 Extra"]
[Source "ChessBase"]
[SourceDate "2015.12.18"]
[SourceVersion "1"]
[SourceVersionDate "2015.12.18"]
[SourceQuality "1"]

1. e4 e5 2. Nf3 Nc6 3. Bb5 Nge7 4. 0-0 g6 5. d4 exd4 6. Nxd4 Bg7 7. c3 a6 8. Ba4 0-0 9. Be3 d6 10. f4 b5 11. Bb3 Na5 12. Bc2 c5 13. Nf3 Nc4 14. Bc1 Bb7 15. Qe2 Qd7 16. Nbd2 Nb6 17. Rd1 Rad8 18. Nf1 Qc8 19. Ne3 Qa8 20. Ng4 h5 21. Nf2 Rfe8 22. Ng5 Ned5 23. f5 Bc8 24. Qf3 Nf6 25. Bf4 Qc6 26. Qg3 Nc4 27. Bb3 Nh7 28. Nxf7 Kxf7 29. fxg6+ Kg8 30. gxh7+ Kxh7 31. Rd5 Be6 32. Rxh5+ Kg8 33. Qg6 Qd7 34. Qh7+ Kf8 35. Rd1 Qf7 36. Bh6 Rd7 37. Rf1 Ke7 38. Bxg7 Kd8 39. Rg5 Ree7 40. Qh8+ Re8 41. Qh4 Kc7 42. Ng4 Qxg7 43. Rxg7 Rxg7 44. h3 Reg8 45. Bxc4 bxc4 46. Ne3 Kc6 47. Rf6 Kd7 48. Qf4 Rg5 49. g4 Re5 50. Nf5 1-0

[Event "Budapest Art Pub op 9th"]
[Site "Budapest"]
[Date "2015.11.21"]
[Round "2"]
[White "Mihok, Laszlo"]
[Black "Yip, Michael"]
[Result "1-0"]
[WhiteElo "2085"]
[BlackElo "1926"]
[PlyCount "121"]
[EventDate "2015.11.20"]
[EventType "swiss"]
[EventRounds "6"]
[EventCountry "HUN"]
[SourceTitle "CBM 169 Extra"]
[Source "ChessBase"]
[SourceDate "2015.12.18"]
[SourceVersion "1"]
[SourceVersionDate "2015.12.18"]
[SourceQuality "1"]

1. d4 Nf6 2. Bg5 e6 3. Nd2 h6 4. Bh4 d5 5. e3 Be7 6. Bd3 c5 7. c3 Nc6 8. Ngf3 0-0 9. 0-0 b6 10. Ne5 Nxe5 11. dxe5 Nd7 12. Bg3 Qc7 13. Qh5 f5 14. exf6 Nxf6 15. Qg6 Bd6 16. Bxd6 Qxd6 17. Rad1 Bd7 18. Nf3 Be8 19. Qg3 Qxg3 20. hxg3 Rd8 21. Ne5 Rd6 22. Bc2 Bf7 23. Rd2 Rfd8 24. Rfd1 Kf8 25. e4 Ne8 26. Nxf7 Kxf7 27. e5 R6d7 28. Rd3 Nc7 29. Rf3+ Kg8 30. Bg6 b5 31. b3 a5 32. a4 bxa4 33. bxa4 Rb8 34. Rb1 Rxb1+ 35. Bxb1 Na8 36. Bg6 Re7 37. c4 Nb6 38. Rb3 Rb7 39. Rb5 Kf8 40. cxd5 exd5 41. Rxc5 Nxa4 42. Rxd5 Ra7 43. Kf1 Ke7 44. f4 Nb6 45. Rb5 Nd7 46. Bb1 a4 47. Ke2 a3 48. Ba2 Rc7 49. Kd2 Nc5 50. Ra5 Ne4+ 51. Ke3 Nxg3 52. Rxa3 Nf5+ 53. Ke4 g6 54. g4 Ng7 55. f5 gxf5+ 56. gxf5 Ne8 57. Ra6 Rc2 58. Ra7+ Kd8 59. Ra8+ Ke7 60. Ra7+ Kd8 61. f6 1-0

[Event "HUN-chT2 Maroczy 1314"]
[Site "Hungary"]
[Date "2013.09.08"]
[Round "1"]
[White "Monda, Laszlo"]
[Black "Mihok, Laszlo"]
[Result "0-1"]
[WhiteElo "2096"]
[BlackElo "2072"]
[PlyCount "110"]
[EventDate "2013.09.08"]
[EventType "team-tourn"]
[EventRounds "11"]
[EventCountry "HUN"]
[SourceTitle "EXT 2016"]
[Source "ChessBase"]
[SourceDate "2015.10.08"]
[SourceVersion "1"]
[SourceVersionDate "2015.10.08"]
[SourceQuality "1"]
[WhiteTeam "Budapest Kobanya"]
[BlackTeam "Budapest MLTC II"]
[WhiteTeamCountry "HUN"]
[BlackTeamCountry "HUN"]

1. c4 Nf6 2. Nc3 e6 3. g3 d5 4. Bg2 Be7 5. d4 0-0 6. Nf3 b6 7. Bf4 Bb7 8. cxd5 exd5 9. Rc1 Nh5 10. Bd2 Nd7 11. Qb3 c6 12. 0-0 Nhf6 13. Nh4 g6 14. Bg5 Kg7 15. Qc2 h6 16. Bf4 Nh5 17. Nf3 Nxf4 18. gxf4 c5 19. Rcd1 Qc7 20. dxc5 Bxc5 21. e3 Nf6 22. Qb3 Rfd8 23. Ne5 d4 24. Nb5 Qe7 25. exd4 Bxg2 26. Kxg2 Qb7+ 27. Qf3 Qxf3+ 28. Kxf3 Bf8 29. Rc1 Rdc8 30. Nc7 Rab8 31. Rc6 Rd8 32. d5 Rd6 33. Na6 Re8 34. Rc7 Re7 35. Rxe7 Bxe7 36. Nc6 Nxd5 37. Nxe7 Nxe7 38. Rc1 Rc6 39. Rxc6 Nxc6 40. Ke4 Kf6 41. Kd5 Nd8 42. Nb4 Ne6 43. Nd3 Kf5 44. Kc6 Ke4 45. Ne5 f6 46. Nxg6 Nxf4 47. Ne7 Nd3 48. f4 Kxf4 49. b3 Nb4+ 50. Kb7 Nxa2 51. Kxa7 b5 52. Kb6 b4 53. Kc5 h5 54. h4 Kf3 55. Nf5 Kg4 0-1

[Event "Budapest op 3rd"]
[Site "Budapest"]
[Date "2013.08.25"]
[Round "9"]
[White "Kancz, Csaba"]
[Black "Mihok, Laszlo"]
[Result "0-1"]
[WhiteElo "1648"]
[BlackElo "2102"]
[PlyCount "70"]
[EventDate "2013.08.17"]
[EventType "swiss"]
[EventRounds "9"]
[EventCountry "HUN"]
[SourceTitle "CBM 156 Extra"]
[Source "ChessBase"]
[SourceDate "2013.10.22"]
[SourceVersion "1"]
[SourceVersionDate "2013.10.22"]
[SourceQuality "1"]

1. d4 d5 2. Nf3 Nf6 3. g3 Bf5 4. a3 e6 5. Bg2 h6 6. b3 Nbd7 7. Bb2 Ne4 8. Nbd2 Be7 9. 0-0 0-0 10. c4 c6 11. Rc1 a5 12. e3 g5 13. cxd5 exd5 14. Ne5 Nxe5 15. dxe5 Nc5 16. Bd4 Nd3 17. Ra1 c5 18. Bc3 d4 19. exd4 cxd4 20. Bxd4 Qxd4 21. Bxb7 Rab8 22. Bg2 Qxe5 23. Nc4 Qc5 24. Ne3 Bg6 25. Nd5 Kg7 26. b4 axb4 27. axb4 Nxb4 28. Rc1 Qd6 29. Nxe7 Qxe7 30. Re1 Qf6 31. Rf1 Nd3 32. Rc6 Qd4 33. Qe2 Rfc8 34. Qa2 Rb2 35. Qa1 Nxf2 0-1

[Event "Budapest op 3rd"]
[Site "Budapest"]
[Date "2013.08.21"]
[Round "5"]
[White "Mihok, Laszlo"]
[Black "Palla, Akos Botond"]
[Result "0-1"]
[WhiteElo "2102"]
[BlackElo "2054"]
[PlyCount "178"]
[EventDate "2013.08.17"]
[EventType "swiss"]
[EventRounds "9"]
[EventCountry "HUN"]
[SourceTitle "CBM 156 Extra"]
[Source "ChessBase"]
[SourceDate "2013.10.22"]
[SourceVersion "1"]
[SourceVersionDate "2013.10.22"]
[SourceQuality "1"]

1. Nf3 d5 2. g3 Nf6 3. Bg2 c6 4. c4 dxc4 5. 0-0 Nbd7 6. Qc2 Nb6 7. a4 a5 8. Na3 Be6 9. Ng5 Bg4 10. Nxc4 Bxe2 11. Ne5 Bh5 12. h3 e6 13. g4 Bg6 14. Nxg6 hxg6 15. Re1 Be7 16. d3 Nfd5 17. Ne4 Nb4 18. Qc3 Bf6 19. Nxf6+ Qxf6 20. Rd1 0-0 21. d4 N6d5 22. Qd2 Rfd8 23. Ra3 Rd7 24. Rf3 Qe7 25. b3 Rad8 26. Ba3 Nf6 27. Rd3 c5 28. Bxb4 axb4 29. g5 Nh7 30. d5 Qxg5 31. Qc2 Nf6 32. dxe6 fxe6 33. Rxd7 Rxd7 34. Rxd7 Nxd7 35. Qe4 Nf6 36. Qxb7 Qc1+ 37. Kh2 Qf4+ 38. Kg1 Qc1+ 39. Kh2 Qa3 40. Qc8+ Kf7 41. Qxc5 Qxb3 42. Qc7+ Kg8 43. a5 Qa2 44. Qb8+ Kh7 45. Qxb4 Qxf2 46. a6 Nh5 47. Qg4 e5 48. Qf3 Qa2 49. Qd5 Qxa6 50. Qxe5 Qf6 51. Qe3 Qb2 52. Kg1 Qb1+ 53. Kh2 Qb8+ 54. Kg1 Qf4 55. Qxf4 Nxf4 56. Bf1 Kh6 57. Kh2 Kg5 58. Kg3 Nh5+ 59. Kh2 Kh4 60. Ba6 Ng3 61. Bb5 Nh5 62. Bd7 Kg5 63. Bc8 Kf4 64. Bb7 g5 65. Bc8 Ng3 66. Ba6 Kf3 67. Bb5 Kf2 68. Ba6 Nf5 69. Bb5 Nh4 70. Bc6 Nf3+ 71. Kh1 Kg3 72. Bd7 Nh4 73. Kg1 Ng6 74. Kh1 Nf4 75. Bc8 Nxh3 76. Bd7 Nf4 77. Bb5 Kf3 78. Kg1 Kg3 79. Ba6 Nh3+ 80. Kh1 g4 81. Bc8 Kf3 82. Kh2 Nf4 83. Kg1 g3 84. Bb7+ Kg4 85. Bc6 g5 86. Bb7 Kh3 87. Bc8+ g4 88. Bb7 g2 89. Ba6 Kg3 0-1

[Event "Budapest op 3rd"]
[Site "Budapest"]
[Date "2013.08.20"]
[Round "4"]
[White "Szalanczy, Emil"]
[Black "Mihok, Laszlo"]
[Result "1-0"]
[WhiteElo "2285"]
[BlackElo "2102"]
[PlyCount "114"]
[EventDate "2013.08.17"]
[EventType "swiss"]
[EventRounds "9"]
[EventCountry "HUN"]
[SourceTitle "CBM 156 Extra"]
[Source "ChessBase"]
[SourceDate "2013.10.22"]
[SourceVersion "1"]
[SourceVersionDate "2013.10.22"]
[SourceQuality "1"]

1. c4 e5 2. Nc3 d6 3. Nf3 c5 4. g3 g6 5. Bg2 Bg7 6. 0-0 Nc6 7. d3 Nge7 8. Rb1 0-0 9. a3 a5 10. b3 Kh8 11. Bb2 Bg4 12. h3 Be6 13. Ng5 Bc8 14. e3 h6 15. Nf3 Be6 16. Na4 Rb8 17. Ba1 b5 18. Nc3 bxc4 19. bxc4 Rxb1 20. Qxb1 Qd7 21. Kh2 Rb8 22. Qc2 f5 23. Nd2 Bf7 24. Qa4 Qc7 25. Rc1 Kh7 26. h4 Be8 27. Qc2 Bf7 28. Bf3 Qd8 29. Qa4 Be8 30. Qd1 Bf7 31. Qh1 Qd7 32. Qd1 Qd8 33. Bg2 Qd7 34. Qa4 Qc7 35. Nd5 Qd8 36. Bc3 Nxd5 37. cxd5 Ne7 38. e4 Be8 39. Qxa5 Qxa5 40. Bxa5 Ra8 41. Bc7 Rxa3 42. Nc4 Rxd3 43. Nxd6 Bd7 44. Rxc5 fxe4 45. Bxe4 Rd2 46. Kg2 Nf5 47. h5 Bf8 48. hxg6+ Kg8 49. Bxf5 Bxf5 50. g7 Bxd6 51. Bxd6 Be4+ 52. Kh3 Kxg7 53. Bxe5+ Kg6 54. Rc6+ Kf5 55. Bc3 Rd3 56. Kh4 Bxd5 57. Rf6+ Ke4 1-0

[Event "Budapest op 3rd"]
[Site "Budapest"]
[Date "2013.08.19"]
[Round "3"]
[White "Mihok, Laszlo"]
[Black "Balla, Attila"]
[Result "1-0"]
[WhiteElo "2102"]
[BlackElo "1813"]
[PlyCount "59"]
[EventDate "2013.08.17"]
[EventType "swiss"]
[EventRounds "9"]
[EventCountry "HUN"]
[SourceTitle "CBM 156 Extra"]
[Source "ChessBase"]
[SourceDate "2013.10.22"]
[SourceVersion "1"]
[SourceVersionDate "2013.10.22"]
[SourceQuality "1"]

1. d4 d5 2. c4 c6 3. Nc3 e6 4. cxd5 exd5 5. Nf3 Nf6 6. Bg5 Be7 7. Qc2 Nbd7 8. e3 0-0 9. Bd3 Re8 10. h3 Nf8 11. 0-0 Ng6 12. Bxf6 Bxf6 13. b4 Be7 14. b5 Bd6 15. bxc6 bxc6 16. Rfe1 Qf6 17. e4 dxe4 18. Nxe4 Rxe4 19. Bxe4 Bd7 20. Rad1 Rb8 21. Rb1 Rxb1 22. Qxb1 Qf4 23. Qc1 Qxc1 24. Rxc1 Ne7 25. Ne5 Bxe5 26. dxe5 f5 27. exf6 gxf6 28. Rb1 f5 29. Bf3 Bc8 30. Rb8 1-0

[Event "Wunsiedel op 7th"]
[Site "Wunsiedel"]
[Date "2013.05.11"]
[Round "6"]
[White "Mihok, Laszlo"]
[Black "Bartsch, Berthold"]
[Result "1/2-1/2"]
[WhiteElo "2151"]
[BlackElo "2257"]
[PlyCount "81"]
[EventDate "2013.05.09"]
[EventType "swiss"]
[EventRounds "7"]
[EventCountry "GER"]
[SourceTitle "CBM 154 Extra"]
[Source "ChessBase"]
[SourceDate "2013.06.25"]
[SourceVersion "2"]
[SourceVersionDate "2013.06.25"]
[SourceQuality "1"]

1. d4 Nf6 2. c4 e5 3. dxe5 Ng4 4. Bf4 Nc6 5. Nf3 Bb4+ 6. Nbd2 Qe7 7. a3 Ngxe5 8. Nxe5 Nxe5 9. e3 Bxd2+ 10. Qxd2 d6 11. c5 0-0 12. cxd6 cxd6 13. Be2 Rd8 14. 0-0 d5 15. Rfd1 f6 16. Rac1 Be6 17. Qa5 b6 18. Qc3 Rac8 19. Qd4 Nc6 20. Qa4 Ne5 21. Ba6 Rc5 22. b4 Rxc1 23. Rxc1 d4 24. exd4 Rxd4 25. Be3 Rd8 26. h3 Qf7 27. Qc2 Qd7 28. Qc7 Qxc7 29. Rxc7 Rd7 30. Rxd7 Bxd7 31. f4 Nc6 32. Bd3 Kf7 33. Kf2 g6 34. Kf3 f5 35. g4 Ne7 36. b5 Ke6 37. Bc4+ Kd6 38. Bd4 Nd5 39. a4 Be6 40. Be2 Ne7 41. Bd1 1/2-1/2

[Event "Budapest-chT1 Lilienthal 1213"]
[Site "Budapest"]
[Date "2013.05.05"]
[Round "11"]
[White "Mihok, Laszlo"]
[Black "Bogad, Peter"]
[Result "1-0"]
[WhiteElo "2141"]
[BlackElo "2055"]
[PlyCount "117"]
[EventDate "2012.09.30"]
[EventType "team-tourn"]
[EventRounds "11"]
[EventCountry "HUN"]
[SourceTitle "EXT 2019"]
[Source "ChessBase"]
[SourceDate "2018.10.10"]
[SourceVersion "1"]
[SourceVersionDate "2018.10.10"]
[SourceQuality "1"]
[WhiteTeam "Budapest RAC"]
[BlackTeam "Barcza GSC"]
[WhiteTeamCountry "HUN"]
[BlackTeamCountry "HUN"]

1. Nf3 b6 2. g3 Bb7 3. Bg2 g5 4. h3 Bg7 5. d4 c5 6. d5 h6 7. c4 d6 8. Nc3 Nd7 9. a4 Ngf6 10. 0-0 g4 11. Nh4 Ne5 12. Nf5 Bf8 13. b3 Bc8 14. Qc2 Qd7 15. hxg4 h5 16. g5 Qxf5 17. Qxf5 Bxf5 18. gxf6 h4 19. e4 Bd7 20. a5 h3 21. f3 hxg2 22. Rf2 bxa5 23. Kxg2 Rb8 24. Rxa5 Rxb3 25. Rxa7 Bh3+ 26. Kg1 Rxc3 27. Ra8+ Kd7 28. Ra7+ Kd8 29. Ra8+ Bc8 30. Bd2 Nxf3+ 31. Rxf3 Rxf3 32. Ba5+ Kd7 33. Ra7+ Ke8 34. Ra8 Kd7 35. Ra7+ Bb7 36. Rxb7+ Kc8 37. Rc7+ Kb8 38. fxe7 Bg7 39. Kg2 Ra3 40. Rd7 Bf6 41. Bd8 Re8 42. e5 Bxe7 43. Bxe7 Kc8 44. e6 fxe6 45. dxe6 Re3 46. Bxd6 R8xe6 47. Rc7+ Kd8 48. Bf4 R3e5 49. Bxe5 Rxe5 50. Rf7 Re4 51. Rf4 Re2+ 52. Kf3 Rc2 53. g4 Rc3+ 54. Kf2 Ke7 55. g5 Ke6 56. g6 Rc2+ 57. Kg3 Rc1 58. Kh4 Ke5 59. Kg5 1-0

[Event "Budapest Art Pub Cup 1st"]
[Site "Budapest"]
[Date "2013.01.06"]
[Round "6"]
[White "Mihok, Laszlo"]
[Black "Markos, Adam"]
[Result "1-0"]
[WhiteElo "2135"]
[BlackElo "2054"]
[PlyCount "79"]
[EventDate "2013.01.03"]
[EventType "swiss"]
[EventRounds "7"]
[EventCountry "HUN"]
[SourceTitle "EXT 2014"]
[Source "ChessBase"]
[SourceDate "2013.11.20"]
[SourceVersion "1"]
[SourceVersionDate "2013.11.20"]
[SourceQuality "1"]

1. Nf3 Nf6 2. g3 d5 3. Bg2 c5 4. 0-0 Nc6 5. d4 cxd4 6. Nxd4 g6 7. c4 Bg7 8. Nxc6 bxc6 9. Qa4 Bd7 10. Rd1 0-0 11. Nc3 e6 12. Qa3 Re8 13. e4 Bf8 14. Qa6 Qc8 15. Qxc8 Raxc8 16. cxd5 exd5 17. exd5 Nxd5 18. Nxd5 cxd5 19. Be3 Rc2 20. Rxd5 Bc6 21. Rd2 Rxd2 22. Bxd2 Bxg2 23. Kxg2 Bg7 24. Be3 a5 25. Rb1 Rb8 26. b3 a4 27. b4 a3 28. Rb3 Bb2 29. b5 Kf8 30. b6 Rb7 31. Kf3 Ke8 32. Rd3 Rd7 33. Rb3 Rb7 34. Ke4 Kd7 35. Kd5 f6 36. h4 f5 37. Kc5 Bf6 38. Rd3+ Kc8 39. Kc6 Bd8 40. Rxd8+ 1-0

[Event "Budapest Art Pub Cup 1st"]
[Site "Budapest"]
[Date "2013.01.06"]
[Round "7"]
[White "Pap, Peter"]
[Black "Mihok, Laszlo"]
[Result "1/2-1/2"]
[WhiteElo "2105"]
[BlackElo "2135"]
[PlyCount "34"]
[EventDate "2013.01.03"]
[EventType "swiss"]
[EventRounds "7"]
[EventCountry "HUN"]
[SourceTitle "EXT 2014"]
[Source "ChessBase"]
[SourceDate "2013.11.20"]
[SourceVersion "1"]
[SourceVersionDate "2013.11.20"]
[SourceQuality "1"]

1. c4 e5 2. Nc3 Bb4 3. g3 Bxc3 4. bxc3 d6 5. Bg2 Nc6 6. Rb1 Nge7 7. d3 0-0 8. Nf3 Rb8 9. 0-0 Bg4 10. h3 Bd7 11. Kh2 f5 12. Nd2 Kh8 13. f4 Qe8 14. e3 Nd8 15. fxe5 dxe5 16. Ba3 Rf6 17. e4 Ndc6 1/2-1/2

[Event "Budapest Art Pub Cup 1st"]
[Site "Budapest"]
[Date "2013.01.05"]
[Round "4"]
[White "Mihok, Laszlo"]
[Black "Juhasz, Bela"]
[Result "1/2-1/2"]
[WhiteElo "2135"]
[BlackElo "2178"]
[PlyCount "27"]
[EventDate "2013.01.03"]
[EventType "swiss"]
[EventRounds "7"]
[EventCountry "HUN"]
[SourceTitle "EXT 2014"]
[Source "ChessBase"]
[SourceDate "2013.11.20"]
[SourceVersion "1"]
[SourceVersionDate "2013.11.20"]
[SourceQuality "1"]

1. d4 Nf6 2. Bg5 Ne4 3. Bf4 c5 4. f3 Nf6 5. d5 d6 6. e4 g6 7. c4 Bg7 8. Qd2 0-0 9. Bh6 e6 10. Bxg7 Kxg7 11. Nc3 exd5 12. Nxd5 Nxd5 13. Qxd5 Nc6 14. Qd2 1/2-1/2

[Event "Nuremberg LGA Cup 8th"]
[Site "Nuremberg"]
[Date "2011.09.10"]
[Round "4"]
[White "Laschenko, Sergej"]
[Black "Mihok, Laszlo"]
[Result "0-1"]
[WhiteElo "1881"]
[BlackElo "2097"]
[PlyCount "54"]
[EventDate "2011.09.08"]
[EventType "swiss"]
[EventRounds "7"]
[EventCountry "GER"]
[SourceTitle "CBM 144 Extra"]
[Source "ChessBase"]
[SourceDate "2011.10.28"]
[SourceVersion "1"]
[SourceVersionDate "2011.10.28"]
[SourceQuality "1"]

1. e4 e5 2. Nf3 Nf6 3. Nxe5 d6 4. Nf3 Nxe4 5. d4 d5 6. Be2 Bd6 7. 0-0 0-0 8. Be3 Bg4 9. Nfd2 Bxe2 10. Qxe2 Nd7 11. Nxe4 dxe4 12. f3 Qh4 13. g3 Qh5 14. Nc3 Rae8 15. fxe4 Qxe2 16. Nxe2 Rxe4 17. Rf3 Rfe8 18. Kf2 Nf6 19. h3 Nd5 20. Nc3 Rxe3 21. Rxe3 Nxe3 22. Re1 Bxg3+ 23. Kxg3 Nf5+ 24. Kf2 Rxe1 25. Kxe1 Nxd4 26. Kd2 f5 27. Kd3 Ne6 0-1